| 000 | 00630nam a22002057a 4500 | ||
|---|---|---|---|
| 005 | 20230818161337.0 | ||
| 008 | 230818b ||||| |||| 00| 0 eng d | ||
| 040 |
_aIN-DiNC _cIN-DiNC |
||
| 041 | _deng | ||
| 082 |
_a658 _bSHA |
||
| 100 |
_aSharma, R K _eauthor |
||
| 245 |
_aBusiness studies: _bfor class XII/ _cby R K Sharma, Shashi K Gupta and Rahul Sharma |
||
| 260 |
_aLudhiana: _bKalyani publishers, _c2023. |
||
| 300 | _aAS.20p. | ||
| 650 | _aPrinciples and function of management | ||
| 650 | _aBusiness finance and marketing | ||
| 700 |
_aGupta, Shashi K _eauthor |
||
| 700 |
_aSharma, Rahul _eauthor |
||
| 942 |
_2ddc _cBK |
||
| 999 |
_c11578 _d11578 |
||